| 000 | 00653nam a2200169 a 4500 | ||
|---|---|---|---|
| 008 | 120416s1995 ||||||||||||||||| || u | ||
| 020 | _a0660615363 | ||
| 050 | _aGN 345.7.C3 Kea | ||
| 100 | _aKealey, Daniel J | ||
| 245 | 1 | 0 | _aCross-cultural effectiveness: a study of Canadian technical advisors overseas |
| 260 |
_aOttawa _bCanadian Foreign Service Inst _c1995 |
||
| 300 | _avi, 180p. : ill. | ||
| 350 | _a0.00 | ||
| 650 | _aCULTURE | ||
| 650 | _aHUMAN SERVICES--CROSS CULTURAL STUDIES | ||
| 995 |
_D0.00 _FCBU-MAIN LIBRARY (Kitwe) _H1 _I17.90 _M1 _UAVAILABLE _ZMain Library Open Access Collection |
||
| 999 |
_c39242 _d39242 |
||